000 00454nam a22001577a 4500
999 _c9084
_d9084
008 210323b ||||| |||| 00| 0 eng d
040 _aBMS College of Architecture
100 _aV, Aksatha
245 _aGeriatric center
300 _a64p.
500 _a1BM06AT005
502 _8B.Arch
_NBMS College of Architecture, Visvesvaraya Technological University
_aProject report
_d2011
650 _aNA
700 _aSindhu Srikanth
_eGuide
942 _2ddc
_cTHE